| 000 | 00466nam a22001457a 4500 | ||
|---|---|---|---|
| 082 | _a621.3 | ||
| 100 | _aAli, Moonis | ||
| 245 |
_aAdaptive Modulation and Coding Decision Framework for SDRs / _cMoonis Ali |
||
| 260 |
_aIslamabad : _bMCS - NUST, _c2017. |
||
| 300 |
_a50 p. ; _c30cm. |
||
| 650 |
_aElectrical(Telecom) Engineering-MS-Thesis _935405 |
||
| 700 |
_aDr. Adnan Rashidi _935406 |
||
| 942 |
_2ddc _cTHE |
||
| 999 |
_c541072 _d541072 |
||